Southville International School and Colleges
Your cart is empty.
  • Cart
  • Lists
    Public lists Eva Luna New books Lux_list list_1
    Your lists Log in to create your own lists
  • Log in to your account
  • Your cookies
  • Search history
Southville International School and Colleges
  • Advanced search
  • Recent comments
  • Most popular
  • Libraries

Log in to your account

Log in with GOOGLE


If you do not have an external account, but do have a local account, you can still log in:

  1. Home
  2. MARC view: Art-directing :
Normal view MARC view ISBD view

Art-directing : (Record no. 20140)

[ view plain ]
MARC details
000 -LEADER
fixed length control field 00599nam a2200205 a 4500
005 - DATE AND TIME OF LATEST TRANSACTION
control field 20140310183211.0
008 - FIXED-LENGTH DATA ELEMENTS--GENERAL INFORMATION
fixed length control field 970101s19uu xx 00 eng d
020 ## - INTERNATIONAL STANDARD BOOK NUMBER
International Standard Book Number 0891342591
050 ## - LIBRARY OF CONGRESS CALL NUMBER
Classification number TR 690.4
Item number .M37 1989
100 ## - MAIN ENTRY--PERSONAL NAME
Personal name Marshall, Hugh
245 ## - TITLE STATEMENT
Title Art-directing :
Remainder of title photography /
Statement of responsibility, etc Hugh Marshall.
260 ## - PUBLICATION, DISTRIBUTION, ETC. (IMPRINT)
Place of publication, distribution, etc Cincinnati, Ohio :
Name of publisher, distributor, etc North Books,
Date of publication, distribution, etc 1989.
300 ## - PHYSICAL DESCRIPTION
Extent 144 p. :
Other physical details col. ill. ;
Dimensions 23 cm.
521 ## - TARGET AUDIENCE NOTE
Target audience note
650 ## - SUBJECT ADDED ENTRY--TOPICAL TERM
Topical term or geographic name as entry element Photography, Artistic
650 ## - SUBJECT ADDED ENTRY--TOPICAL TERM
Topical term or geographic name as entry element Commercial Photography
650 ## - SUBJECT ADDED ENTRY--TOPICAL TERM
Topical term or geographic name as entry element photography
General subdivision handbooks, manuals ,etc.
942 ## - ADDED ENTRY ELEMENTS (KOHA)
Koha item type Books
Source of classification or shelving scheme Library of Congress Classification
Call number prefix Foreign
Holdings
Withdrawn status Lost status Source of classification or shelving scheme Damaged status Home library Current library Shelving location Date acquired Total Checkouts Full call number Barcode Date last seen Copy number Price effective from Koha item type
    Library of Congress Classification   College Library College Library General Circulation Section     TR 690.4 .M37 1989 C2309 05/15/2018 1 03/10/2014 Books

Art-directing :

APA

Marshall H., . (1989). Art-directing. Cincinnati, Ohio: North Books.

Chicago

Marshall Hugh, . 1989. Art-directing. Cincinnati, Ohio: North Books.

Harvard

Marshall H., . (1989). Art-directing. Cincinnati, Ohio: North Books.

MLA

Marshall Hugh, . Art-directing. Cincinnati, Ohio: North Books. 1989.

  • Place hold
  • Print
  • Cite
  • Add to your cart (remove)
  • Save record
    BIBTEX Dublin Core MARCXML MARC (non-Unicode/MARC-8) MARC (Unicode/UTF-8) MARC (Unicode/UTF-8, Standard) MODS (XML) RIS
  • More searches
    Search for this title in:
    Other Libraries (WorldCat) Other Databases (Google Scholar) Online Stores (Bookfinder.com) Open Library (openlibrary.org)

Exporting to Dublin Core...

SOUTHVILLE LIBRARY

Southville International School and Colleges Library

1281 Tropical Ave. Cor. Luxembourg St., BF Homes International, Las Pinas City

Tel. No. 8256374 / 252358 Loc. 117/146

Powered by Koha